Nové typy organizačných štruktúr

Nové typy organizačných štruktúr v dnešných organizáciách, firmách. Reinžiniering podnikových procesov. Tímová štruktúra, sieťová štruktúra.

Gespeichert in:
Bibliographische Detailangaben
1. Verfasser: Chovanec, Rastislav
Format: Buchkapitel
Sprache:Slowakisch
Schlagworte:
Tags: Tag hinzufügen
Keine Tags, Fügen Sie das erste Tag hinzu!

MARC

LEADER 00000naa$a2200000$$$4500
001 0002501
005 20230825103215.6
041 0 |a slo 
044 |a SK 
245 1 0 |a Nové typy organizačných štruktúr  |c aut. Rastislav Chovanec 
520 |a Nové typy organizačných štruktúr v dnešných organizáciách, firmách. Reinžiniering podnikových procesov. Tímová štruktúra, sieťová štruktúra. 
610 2 0 |a podnik 
610 2 0 |a firmy 
610 2 0 |a štruktúra podniku organizačná 
610 2 0 |a procesy podnikové 
100 1 |a Chovanec, Rastislav